|
|
|
|
| LEADER |
00651nta a2200169 i 4500 |
| 001 |
dipl50911 |
| 005 |
20190502125000.0 |
| 008 |
150410s2013 hu om 0|| zxx d |
| 040 |
|
|
|a SZTE Diploma Repozitórium
|b hun
|
| 041 |
|
|
|a zxx
|
| 100 |
1 |
|
|a Csernus Csaba
|
| 245 |
1 |
0 |
|a Tiszakécske belvíz-veszélyeztetettségi térképezése
|h [elektronikus dokumentum] /
|c Csaba Csernus
|
| 246 |
1 |
0 |
|a Inland water risk in Tiszakécske
|h [elektronikus dokumentum]
|
| 260 |
|
|
|c 2013
|
| 650 |
|
4 |
|a Természettudományok
|
| 700 |
2 |
|
|a Van Leeuwen Boudewijn
|e ths
|
| 856 |
4 |
0 |
|u http://diploma.bibl.u-szeged.hu/id/eprint/50911/1/2012_Csernus_Csaba_CSCRAAT_SZE_SZ.pdf
|z Dokumentum-elérés
|